[Event "Challenge"]
[Site "http://www.queenalice.com/game.php?id=147600"]
[Date "2006.12.29"]
[Round "-"]
[White "fizzo"]
[Black "charles31"]
[Result "0-1"]
[WhiteElo "1315"]
[BlackElo "1658"]

1. e4 e5 2. Qf3 Nf6 3. Bc4 Nc6 4. g4 Qe7 5. g5 Ng8 6. b3 d6 7. Ba3 Be6 8. Bb5
Qxg5 9. Bxc6+ bxc6 10. b4 Nf6 11. d3 a5 12. bxa5 d5 13. exd5 Bxd5 14. Qg3 Qxg3
15. hxg3 Bxh1 16. Nc3 Bxa3 17. Nh3 Bb2 0-1

[Event "Challenge"]
[Site "http://www.queenalice.com/game.php?id=147601"]
[Date "2006.12.29"]
[Round "-"]
[White "fizzo"]
[Black "Sidinei"]
[Result "0-1"]
[WhiteElo "1334"]
[BlackElo "2053"]

1. e4 c5 2. Qf3 Nc6 3. Bc4 Ne5 4. Qb3 Nxc4 5. Qxc4 e6 6. Nf3 d5 7. exd5 Qxd5 8.
b3 Qxc4 9. bxc4 Nf6 10. O-O Be7 11. d3 b6 12. g3 Bb7 13. Nh4 Nh5 14. Re1 Bf6 15.
Nf5 Bxa1 16. Nd6+ Kd7 17. Nxb7 Rab8 18. g4 Nf6 19. g5 Nh5 20. Nxc5+ bxc5 21. Be3
Bd4 22. Nd2 Bxe3 23. Rxe3 Rb2 24. Ne4 Nf4 25. Rf3 Rb1# 0-1

[Event "Challenge"]
[Site "http://www.queenalice.com/game.php?id=147602"]
[Date "2006.12.29"]
[Round "-"]
[White "fizzo"]
[Black "Alaune"]
[Result "0-1"]
[WhiteElo "1301"]
[BlackElo "1689"]

1. e4 e5 2. Qf3 Nc6 3. Bc4 Nf6 4. g4 Nd4 5. Qd1 d6 6. c3 Nc6 7. g5 Nxe4 8. Qf3
Nxg5 9. Qf5 Bxf5 10. d3 d5 0-1

[Event "Challenge"]
[Site "http://www.queenalice.com/game.php?id=147603"]
[Date "2006.12.29"]
[Round "-"]
[White "fizzo"]
[Black "hugo10"]
[Result "1-0"]
[WhiteElo "1313"]
[BlackElo "1434"]

1. e4 e5 2. Qf3 Nh6 3. Bc4 d6 4. d3 Be6 5. Bb5+ c6 6. Ba4 d5 7. Nh3 Bc5 8. a3
Ng4 9. Ng5 Nxf2 10. b4 Bd4 11. Rf1 h6 12. Qh5 Bxa1 13. Nxe6 Qb6 14. Rxf2 Kd7 15.
Qxf7+ Kd6 16. Qxg7 Nd7 17. Rf5 dxe4 18. Rf7 Bc3+ 19. Nxc3 Rag8 20. Rxd7+ Kxe6
21. Qf7# 1-0

[Event "Challenge"]
[Site "http://www.queenalice.com/game.php?id=147604"]
[Date "2006.12.29"]
[Round "-"]
[White "fizzo"]
[Black "rickma00"]
[Result "0-1"]
[WhiteElo "1291"]
[BlackElo "1965"]

1. e4 c5 2. Qf3 d6 3. Bc4 Nf6 4. g4 Bxg4 5. Qf4 Nc6 6. h3 Bd7 7. Nf3 e6 8. Ng5
Ne5 9. Nc3 Nxc4 10. d3 Ne5 11. a3 h6 12. Nf3 Nxf3+ 13. Qxf3 Bc6 14. b4 cxb4 15.
axb4 a6 16. Bf4 Rc8 17. O-O Nd7 18. Ra5 Qf6 19. Ra3 e5 20. Nd5 Bxd5 21. exd5
Qxf4 22. Qg2 Rxc2 23. Raa1 Qg5 24. Rfe1 Be7 25. Qg3 Qxg3+ 0-1

[Event "Challenge"]
[Site "http://www.queenalice.com/game.php?id=148723"]
[Date "2007.1.1"]
[Round "-"]
[White "fizzo"]
[Black "oniwa"]
[Result "0-1"]
[WhiteElo "1295"]
[BlackElo "1902"]

1. e4 e5 2. Qf3 Nf6 3. Bc4 d5 4. exd5 Bg4 5. Qe3 Nbd7 6. h3 Bf5 7. d3 Bc5 8. Qg5
Bg6 9. Nf3 h6 10. Qd2 e4 11. Qe2 Qe7 12. dxe4 Nxe4 13. O-O O-O 14. Qd3 Nxf2 15.
Qd2 Ne4+ 16. Kh1 Nxd2 17. Bxd2 Bxc2 18. Re1 Qd6 19. Nc3 Nf6 20. Bf4 Qxf4 21. b3
Nh5 22. Re2 Ng3+ 23. Kh2 Nxe2+ 24. Kh1 Ng3+ 25. Kh2 Ne4+ 26. Kh1 Nxc3 27. Rf1
Ne4 28. Ne1 Ng3+ 0-1

[Event "Challenge"]
[Site "http://www.queenalice.com/game.php?id=148727"]
[Date "2007.1.1"]
[Round "-"]
[White "fizzo"]
[Black "saturnin"]
[Result "0-1"]
[WhiteElo "1289"]
[BlackElo "1339"]

1. e4 e5 2. Qf3 Nh6 3. Bc4 d6 4. d4 Bg4 5. Qg3 exd4 6. Bxh6 gxh6 7. Qxg4 Nd7 8.
Qh5 Ne5 9. b3 Bg7 10. f4 Nxc4 11. bxc4 d3 12. cxd3 Bxa1 13. Qxh6 Qe7 14. Nd2 Qd7
15. Ngf3 Qa4 16. Ke2 Qxa2 17. e5 dxe5 18. fxe5 Bc3 19. Rb1 Rd8 20. Ke3 b6 21.
Rc1 Bb4 22. Qg7 Bc5+ 23. Nd4 Bxd4+ 24. Ke2 Rf8 25. Qg4 Bxe5 26. Qe4 Qb2 27. Kd1
f6 28. Rc2 Qa1+ 29. Rc1 Qa4+ 30. Ke1 Rd4 31. Qe3 Qa3 32. Qh6 Qxc1+ 33. Ke2 Bf4
34. Qh4 Qxd2+ 35. Kf3 Qxd3+ 0-1

[Event "Challenge"]
[Site "http://www.queenalice.com/game.php?id=148728"]
[Date "2007.1.1"]
[Round "-"]
[White "fizzo"]
[Black "Sean_Doherty"]
[Result "0-1"]
[WhiteElo "1313"]
[BlackElo "1781"]

1. e3 e6 2. c3 c5 3. Nh3 d5 4. a3 Nc6 5. b4 c4 6. d4 cxd3 7. Bxd3 a6 8. O-O b5
9. g3 Bd6 10. e4 Nge7 11. Qg4 Ng6 12. exd5 exd5 13. Qe2+ Nce5 14. Kg2 O-O 15.
Bg5 Qd7 16. f4 Qxh3+ 17. Kg1 Bg4 18. Qe1 Nf3+ 19. Rxf3 Bxf3 20. Bxg6 Qg2# 0-1

[Event "Challenge"]
[Site "http://www.queenalice.com/game.php?id=148729"]
[Date "2007.1.1"]
[Round "-"]
[White "fizzo"]
[Black "vallef"]
[Result "0-1"]
[WhiteElo "1327"]
[BlackElo "1468"]

1. e4 e5 2. Qf3 Bc5 3. Bc4 Nf6 4. Qf5 d5 5. exd5 Bxf5 6. Nf3 Be4 7. Nxe5 Bxg2 8.
Rg1 Bxd5 9. b3 Qe7 10. f4 Bxg1 11. Ba3 Qd8 12. Bb5+ c6 13. Bd3 Ng4 14. Nxg4 Qh4+
15. Nf2 Qxf2+ 16. Kd1 Bf3+ 17. Kc1 Na6 18. Nc3 c5 19. Kb2 O-O 20. Rf1 Qg2 21.
Nb5 Rad8 22. Nxa7 Rxd3 23. Rc1 Bd4+ 24. c3 Bxc3+ 25. Rxc3 Rxd2+ 26. Kc1 Rf2 27.
Kb1 Rf1+ 28. Bc1 Nb4 29. Nb5 Qxa2# 0-1

[Event "Challenge"]
[Site "http://www.queenalice.com/game.php?id=148761"]
[Date "2007.1.1"]
[Round "-"]
[White "fizzo"]
[Black "technicaldraw"]
[Result "0-1"]
[WhiteElo "1334"]
[BlackElo "1549"]

1. e4 c6 2. Qf3 d5 3. exd5 cxd5 4. c4 d4 5. c5 Nf6 6. Bc4 Nc6 7. d3 Ne5 8. Qf4
Nxc4 9. dxc4 Qa5+ 10. Bd2 Qxc5 11. b3 e5 12. b4 exf4 13. bxc5 Bxc5 14. Bxf4 Be6
15. Nd2 Bb4 16. Nf3 Bxc4 17. Rb1 Bxd2+ 18. Nxd2 Ba6 19. Kd1 O-O 20. Be5 Rad8 21.
Nb3 Ng4 22. Ke1 Nxe5 23. Nc5 Rfe8 24. Rxb7 Bxb7 25. Nxb7 Rb8 26. Nd6 Re6 27. Ne4
Nc4 28. f3 Rb1+ 0-1

[Event "Challenge"]
[Site "http://www.queenalice.com/game.php?id=154721"]
[Date "2007.1.16"]
[Round "-"]
[White "fizzo"]
[Black "michel_spricigo"]
[Result "0-1"]
[WhiteElo "1279"]
[BlackElo "1465"]

1. e4 c6 2. Bc4 d5 3. Bd3 e6 4. g3 Nf6 5. h4 dxe4 6. Bc4 Bc5 7. d3 e5 8. dxe4
Qxd1+ 9. Kxd1 Bxf2 10. Bg5 Bg4+ 11. Kd2 Nxe4+ 12. Kd3 Bf5 13. Nf3 Nxg3+ 0-1

[Event "Challenge"]
[Site "http://www.queenalice.com/game.php?id=154722"]
[Date "2007.1.16"]
[Round "-"]
[White "fizzo"]
[Black "Tenna"]
[Result "0-1"]
[WhiteElo "1289"]
[BlackElo "1821"]

1. e4 c5 2. Bc4 e6 3. Qf3 Nc6 4. a3 Nf6 5. d3 Nd4 6. Qd1 b5 7. c3 bxc4 8. cxd4
Ba6 9. dxc4 Nxe4 10. g3 Bxc4 11. dxc5 Bxc5 12. Be3 Qa5+ 13. Bd2 Bxf2# 0-1

[Event "Challenge"]
[Site "http://www.queenalice.com/game.php?id=154724"]
[Date "2007.1.16"]
[Round "-"]
[White "fizzo"]
[Black "papiro"]
[Result "0-1"]
[WhiteElo "1287"]
[BlackElo "1529"]

1. e4 e5 2. Qf3 Bc5 3. Bc4 Nf6 4. g4 d6 5. g5 Bg4 6. Qb3 Nxe4 7. Bxf7+ Ke7 8. d3
Nxf2 9. h3 Nxh1 10. hxg4 Bxg1 0-1